00345nam a2200133Ia 4500008004100000041000800041082001200049100001700061245004500078260004100123300003200164365000900196440000600205240624s9999 xx 000 0 und d aeng a330 FRE aFREE RHONA C a21ST CENTURY ECONOMICS A REFERENCE HANDB c2010aLos AngelesbSage Publications axxvi, : 511 : p. : cm. ; 28 cb25 v1